Archive of Jewish History : Volume 12.

The published materials are based on documents extracted from various archives in Moscow, Kyiv, New York, Jerusalem and Leeds.

Bibliographic Details
Main Author: Budnitskii, Oleg.
Format: eBook
Language:English
Published: Boston, MA : Academic Studies Press, 2022.
Edition:1st ed.
Subjects:
Online Access:Click to View
LEADER 01496nam a22003493i 4500
001 EBC6940169
003 MiAaPQ
005 20231204023222.0
006 m o d |
007 cr cnu||||||||
008 231204s2022 xx o ||||0 eng d
020 |a 9781644698846  |q (electronic bk.) 
035 |a (MiAaPQ)EBC6940169 
035 |a (Au-PeEL)EBL6940169 
035 |a (OCoLC)1309057590 
040 |a MiAaPQ  |b eng  |e rda  |e pn  |c MiAaPQ  |d MiAaPQ 
100 1 |a Budnitskii, Oleg. 
245 1 0 |a Archive of Jewish History :  |b Volume 12. 
250 |a 1st ed. 
264 1 |a Boston, MA :  |b Academic Studies Press,  |c 2022. 
264 4 |c Ã2022. 
300 |a 1 online resource (392 pages) 
336 |a text  |b txt  |2 rdacontent 
337 |a computer  |b c  |2 rdamedia 
338 |a online resource  |b cr  |2 rdacarrier 
520 |a The published materials are based on documents extracted from various archives in Moscow, Kyiv, New York, Jerusalem and Leeds. 
588 |a Description based on publisher supplied metadata and other sources. 
590 |a Electronic reproduction. Ann Arbor, Michigan : ProQuest Ebook Central, 2023. Available via World Wide Web. Access may be limited to ProQuest Ebook Central affiliated libraries.  
655 4 |a Electronic books. 
776 0 8 |i Print version:  |a Budnitskii, Oleg  |t Archive of Jewish History  |d Boston, MA : Academic Studies Press,c2022 
797 2 |a ProQuest (Firm) 
856 4 0 |u https://ebookcentral.proquest.com/lib/matrademy/detail.action?docID=6940169  |z Click to View